Quizzes
Events
Quiz Creation
Community
Videos
Private Events
Remove Ads
Sign In
Join for FREE
Feedback
Dark Mode
Quiz Categories
Sports
Geography
Music
Movies
Television
Just For Fun
Miscellaneous
History
Literature
Language
Science
Gaming
Entertainment
Religion
Holiday
For Kids
Quiz Lab
Recent
Popular Today
Quiz Kudos Today
Editor Picks
Curator Picks
Quizzes by...
Day
Popularity
Type
Ratings
Length
Year
Community
Subscriptions
Recent Discussions
Orange Saloon
Badges
Playlists
Quests
Create
Leaderboards
Showdown
Live 5
Trivia Bingo
Activity
Puzzle Library
Sporcle Events
Private Events
Virtual Trivia
Globe League
Become a Host
Pub Owners
SporcleCon
Opinionation
Our Games
Videos
Blog
Mobile Apps
Partnerships
Remove Ads and Go Orange
Feedback
Religion
Mythology
Religious Music
World Religions
Bible
Christianity
Catholicism
Judaism
Church
Scripture
Islam
Verse
Religion
Mythology
Religious Music
World Religions
Bible
Christianity
Catholicism
Judaism
Church
Scripture
Islam
Verse
Random Quiz
Search Sporcle
×
Quiz Lab
Quiz Lab
Religion
Saying
Type in answers that appear in a list
Type in answers that appear in a list
Classic
Best Score? Go Orange.
7 'I am' sayings Stats
Can you name the 7 I am sayings?
By
davidfisk
3m
7 Questions
51 Plays
51 Plays
51 Plays
Comments
Comments
Give Quiz Kudos
Give Quiz Kudos
-
- Ratings
hide this ad
Replay
Link that replays current quiz
Next Quiz
Link to next quiz in quiz playlist
You Got
0%
They Got
Avg Score
71%
Avg Friend Score
Upgrade to see
Score Distribution
Jump to the score distribution portion of the page
Score
0/7
Timer
03:00
0
Plays Today
% Correct
Bread of Life
80.4%
Way, Truth, Life
78.4%
Gate
74.5%
True Vine
72.5%
Good Shepherd
68.6%
Resurrection and Life
66.7%
Light of the World
62.7%
Quiz Playlist
Details
Report
Send in Message
Add To Playlist
Classic:
Type in answers that appear in a list
Last Updated: Feb 16, 2017
Quiz Scoreboard
CHALLENGE
Sign Up to Join the Scoreboard
Show All
Scores
Hide
Comments
May contain spoilers
Recently Published
Alphabetical 'K' Countries by Flag Minefield
by ylime102
Geography
3m
Pick 6: Fruits
by JohnFran
Miscellaneous
15s
Click the 1999 NBA Draft
by nibperrychub
Sports
2m
More to Explore
Quiz From the Vault
Featured Blog Post
15 Basketball Trivia Facts You Can Be March Mad About
hide this ad
You Might Also Like...
Tags
Saying
Today's Top Quizzes in Religion
Browse Religion
hide this ad
Today's Top Quizzes in Saying
Browse Saying
Top Contributed Quizzes in Religion
1
Bible Bunker: Genesis
2
Follow That Line: Easter Verses
3
Bible Bunker: Exodus
4
Quick Pick: Continental Religions
5
Get the Picture: Seasonal Deities
6
Word Ladder: Mythological Mothers
7
Mythology in Media: God
8
Complete the Bible Duos
9
Hymn Lyrics: Jesus I My Cross Have Taken
10
Prove You Aren't a Robot - Nativity Scene
Explore More
Trending Topics
Anime
Marvel
NBA
Kpop
Disney
Harry Potter
Crossword
Pokémon
Soccer
The Office
NFL
Song
Country
WWE
Puzzle
hide this ad
More By:
davidfisk
Quiz
Plays
Rating
Category
Featured
Created
12 real tribes of Israel
870
2.50
Religion
Mar 1, 2010
7 Miracles of Jesus
83
2.00
Religion
Mar 1, 2010
Days of Creation
75
1.00
Religion
Mar 1, 2010
7 'I am' sayings
51
4.00
Religion
Mar 1, 2010
Passion Week
12
1.00
Religion
Mar 1, 2010
Go to Creator's Profile
Score Distribution
Quiz Creator Spotlight
davidfisk
Follow
Send a Message
Quizzes Created
-
Created Quiz Play Count
-
More By This Creator
Popular Quizzes Today
1
Countries of Asia Without Outlines Minefield
2
Find the US States - No Outlines Minefield
3
Pick 6: Fruits
4
Alphabetical 'K' Countries by Flag Minefield
5
The Countries of the World
6
Find the US States
7
US States
8
Match the Book to the Film X
More Religion Quizzes
Alphabetically Sandwiched Bible Books
Published
Trending Quizzes
Pick 6: Mountains
Pick 6: Harry Potter
Pick 6: NFL Teams
Pick 6: Movie Franchises
Pick 6: Golfers
Recently Updated
NWSL Teams
pecheneg
Women's Final Four Teams by Year
bhenderson79
Presidents Quartet II
eogle
Anything But Clue(do)
eogle
Anything But Oceanian Capitals
eogle
Anything But 7
eogle
Anything But Thing
eogle
Word Ladder: February 29
pecheneg
Song Title Questions
pecheneg
Women's NCAA Tournament #1 Seeds
pecheneg
Trending Topics
NBA
Crossword
Disney
Kpop
Marvel
Harry Potter
Anime
The Office
Country
Soccer
WWE
NFL
Puzzle
Pokémon
Song
Your Account Isn't Verified!
In order to create a playlist on Sporcle, you need to verify the email address you used during registration. Go to your
Sporcle Settings
to finish the process.
Report this User
Report this user for behavior that violates our
Community Guidelines
.
Details:
Send Report
Go to the Sporcle.com Mobile Site →
Comments